Serie de palabras de cinco letras - Estadísticas

Estadísticas generales
  • Esta prueba ha sido intentada 85 veces
  • La puntuación promedio es 12 de 22
Estadísticas de respuestas
Pista País % Correcto
Lo opuesto del día Noche
99%
Zona fértil aislada en el desierto Oasis
80%
Especie en peligro de extinción. ____ ibérico Lince
75%
Imperativo en segunda persona plural de rezar Rezad
75%
Primera participación en un partido oficial Debut
72%
Fuente del moco Nariz
71%
Un muerto que ha vuelto a la vida Zombi
71%
Gas noble con número 54 Xenón
63%
Esto tiene un pH menor que 7 Ácido
59%
Última letra del alfabeto griego Omega
57%
Religión del Imperio otomano Islam
55%
Teresa de Jesús o Teresa de Calcuta p. ej. Monja
55%
Prefijo que significa "entre" Inter
49%
Región media del cuerpo de insectos Tórax
48%
Panamá es un ejemplo de esta franja estrecha de tierra Istmo
47%
El deporte de San Carlos de Bariloche Esquí
41%
Idioma de Azerbaiyán Azerí
35%
Género de la Odisea Épica
35%
Materia prima del tequila Agave
33%
Videojuego: _____ Ring Elden
32%
Mazorca tierna de maíz Elote
32%
Figura retórica típicamente con "como" Símil
29%
No se encontraron pruebas coincidentes
Distribución de puntuación
Porcentaje de gente con cada puntuación
Porcentaje por número respondido
Historial de tus puntuaciones
No has intentado esta prueba.